Construyamos un proyecto educativo de centro. Hacia centro educativo de mayor calidad (Record no. 9263)

MARC details
000 -LEADER
campo de control de longitud fija 00447nam a2200133Ia 4500
001 - NÚMERO DE CONTROL
campo de control 2611
008 - DATOS DE LONGITUD FIJA--INFORMACIÓN GENERAL
campo de control de longitud fija 241024s9999 xx 000 0 und d
082 ## - NÚMERO DE LA CLASIFICACIÓN DECIMAL DEWEY
Número de clasificación RD/370.19/R426c
100 ## - ENTRADA PRINCIPAL--NOMBRE DE PERSONA
Nombre de persona República Dominicana. Secretaría de Estado de Educación y Cultura (SEEC)
245 #0 - MENCIÓN DEL TÍTULO
Título Construyamos un proyecto educativo de centro. Hacia centro educativo de mayor calidad
260 ## - PUBLICACIÓN, DISTRIBUCIÓN, ETC.
Nombre del editor, distribuidor, etc. Ed. Centenario
Fecha de publicación, distribución, etc. 1998
901 ## - ELEMENTOS DE DATOS A LOCAL LDA (RLIN)
a 28/11/2012 11:25:11 a.m.

No items available.

© 2024. Todos los Derechos Reservados. Desarrollado por IDEICE